Seçilmiş əsərləri (Record no. 495)

MARC details
000 -LEADER
fixed length control field 02567nam a2200445 4500
003 - CONTROL NUMBER IDENTIFIER
control field OSt
005 - DATE AND TIME OF LATEST TRANSACTION
control field 20260515120941.0
008 - FIXED-LENGTH DATA ELEMENTS--GENERAL INFORMATION
fixed length control field 260515b |||||||| |||| 00| 0 aze d
020 ## - INTERNATIONAL STANDARD BOOK NUMBER
International Standard Book Number 9952-34-052-4
020 ## - INTERNATIONAL STANDARD BOOK NUMBER
International Standard Book Number 978-9952-34-052-5
040 ## - CATALOGING SOURCE
Original cataloging agency AZ-XaKU
Language of cataloging aze
Transcribing agency AZ-XaKU
041 0# - LANGUAGE CODE
Language code of text/sound track or separate title aze
050 14 - LIBRARY OF CONGRESS CALL NUMBER
Classification number PL314 .M89 .W89256 2006
100 1# - MAIN ENTRY--PERSONAL NAME
Personal name Müznib, Əlabbas,
Titles and words associated with a name lirik və satirik şair, publisist, naşir, tərcüməçi, din tarixçisi,
Dates associated with a name 1883-1938,
Relator term müəllif.
245 10 - TITLE STATEMENT
Title Seçilmiş əsərləri
Statement of responsibility, etc. / Əlabbas Müznib ; tərtib edəni, ön sözün və lüğətin müəllifi : İslam Ağayev ; buraxılışa məsul : Əziz Güləliyev ; texniki redaktor : Rövşən Ağayev ; tərtibatçı-rəssam : Nərgiz Əliyeva ; korrektorlar : Elnaz Xəlilqızı, Pərinaz Səmədova
250 ## - EDITION STATEMENT
Edition statement Təkrar nəşr.
264 ## - PRODUCTION, PUBLICATION, DISTRIBUTION, MANUFACTURE, AND COPYRIGHT NOTICE
Place of production, publication, distribution, manufacture Bakı :
Name of producer, publisher, distributor, manufacturer "Şərq-Qərb",
Date of production, publication, distribution, manufacture, or copyright notice 2006.
300 ## - PHYSICAL DESCRIPTION
Extent 256 səhifə ;
Dimensions 21 sm.
336 ## - CONTENT TYPE
Content type term text
Content type code txt
Source rdacontent
337 ## - MEDIA TYPE
Media type term unmediated
Media type code n
Source rdamedia
338 ## - CARRIER TYPE
Carrier type term volume
Carrier type code nc
Source rdacarrier
490 1# - SERIES STATEMENT
Series statement Müasir Azərbaycan ədəbiyyatı
500 ## - GENERAL NOTE
General note Azərbaycan Respublikasının Prezidenti İlham Əliyevin "Azərbaycan dilində latın qrafikası ilə kütləvi nəşrlərin həyata keçirilməsi haqqında" 12 yanvar 2004-cü il tarixli sərəncamı ilə nəşr olunur və ölkə kitabxanalarına hədiyyə edilir.
500 ## - GENERAL NOTE
General note Bu kitab "İslam Ağayev. Əlabbas Müznib: həyatı, yaradıcılığı, əsərlərindən seçmələr" (Bakı, Elm, 2003) nəşri əsasında təkrar nəşrə hazırlanmışdır.
500 ## - GENERAL NOTE
General note Lüğət : s. 250-252.
500 ## - GENERAL NOTE
General note Sətiraltı qeydlər.
504 ## - BIBLIOGRAPHY, ETC. NOTE
Bibliography, etc. note Sətiraltı biblioqrafiya.
505 0# - Formatted Contents Note
Formatted contents note İctimai-siyasi şeirlər -- Satirik şeirlər -- Qəzəllər -- Roman -- Məqalələr -- Xatirələr -- "Müxtəsər Ənbiya və İslam tarixi".
520 0# - SUMMARY, ETC.
Summary, etc. Bu topluya şairin ictimai-siyasi, satirik şeirləri, qəzəlləri, məqalələri, xatirələri, "Yusif və Züleyxa" romanı və "Müxtəsər Ənbiya və İslam tarixi" əsəri daxil edilmişdir.
650 #7 - SUBJECT ADDED ENTRY--TOPICAL TERM
Source of heading or term AZ-XaKU
Topical term or geographic name entry element Bədii ədəbiyyat
General subdivision Azərbaycan ədəbiyyatı.
700 1# - ADDED ENTRY--PERSONAL NAME
Personal name Ağayev, İslam,
Relator term tərtib edəni, öz spzün və lüğətin müəllifi.
700 1# - ADDED ENTRY--PERSONAL NAME
Personal name Güləliyev, Əziz,
Relator term buraxılışa məsul.
700 1# - ADDED ENTRY--PERSONAL NAME
Personal name Ağayev, Rövşən,
Relator term texniki redaktor.
700 1# - ADDED ENTRY--PERSONAL NAME
Personal name Əliyeva, Nərgiz,
Relator term tərtibatçı-rəssam.
700 1# - ADDED ENTRY--PERSONAL NAME
Personal name Xəlilqızı, Elnaz,
Relator term korrektor.
700 1# - ADDED ENTRY--PERSONAL NAME
Personal name Səmədova, Pərinaz,
Relator term korrektor.
830 ## - SERIES ADDED ENTRY--UNIFORM TITLE
Uniform title Müasir Azərbaycan ədəbiyyatı
942 ## - ADDED ENTRY ELEMENTS (KOHA)
Koha item type Book
Holdings
Withdrawn status Lost status Source of classification or shelving scheme Damaged status Not for loan Collection Home library Current library Date acquired Total checkouts Full call number Barcode Date last seen Copy number Price effective from Koha item type
    Library of Congress Classification     General Collection Karabakh University Main Library Karabakh University Business & Economics Library 05/15/2026   PL314 .M89 .W89256 2006 0000000795 05/15/2026 1 05/15/2026 Book